Państwa po Angielsku - Statystyki

Ogólne statystyki
  • Ten quiz został rozwiązany 61 razy
    44 od ostatniego zresetowania
  • Średni wynik to 18 z 24
Statystyki odpowiedzi
Kontynent Polski Angielski % Poprawnych
Europa Polska Poland
100%
Ameryka Północna Kanada Canada
97%
Ameryka Północna Meksyk Mexico
97%
Ameryka Południowa Peru Peru
94%
Europa Portugalia Portugal
94%
Australia i Oceania Australia Australia
89%
AmerykaPołudniowa Brazylia Brazil
89%
Australia i Oceania Nowa Zelandia New zealand
89%
Afryka Nigeria Nigeria
89%
Afryka Sudan Sudan
89%
Ameryka Północna Honduras Honduras
86%
Azja Mongolia Mongolia
86%
Ameryka Północna Stany Zjednoczone United States
86%
Azja Pakistan Pakistan
83%
Europa Rumunia Romania
81%
Afryka Czad Chad
78%
Europa Szwajcaria Switzerland
78%
Afryka Bostwana Botswana
75%
Ameryka Południowa Boliwia Bolivia
67%
Ameryka Południowa Urugwaj Uruguay
47%
Australiai Oceania Papua Nowa Gwinea Papua NewGuinea
42%
Azja Kazachstan Kazakhstan
28%
Australia i Oceania Wyspy Salomona Solomon Islands
28%
Azja Indonezja Indonesja
14%
Nie znaleziono quizów pasujących do podanych kryteriów
Rozkład punktacji
Procent ludzi z każdym wynikiem
Percentyl według liczby udzielonych odpowiedzi
Twoja historia wyników
Nie rozwiązałeś tego quizu od ostatniego zresetowania